| 000 | 00457nam a2200169Ia 4500 | ||
|---|---|---|---|
| 008 | 240729s9999 xx 000 0 und d | ||
| 022 | _a2732-8929 | ||
| 245 | 0 | _aPublic Health and Toxicology | |
| 260 | _aGreece | ||
| 260 | _bEuropean Publishing | ||
| 650 | _a Public aspects of medicine | ||
| 650 | _a Toxicology. Poisons | ||
| 650 | _aMedicine | ||
| 856 | _uhttps://doaj.org/toc/01db0166be80430590f73b37bb07c919 | ||
| 942 | _2ddc | ||
| 942 | _cDOAJEJ | ||
| 999 |
_c75006 _d75006 |
||
| 945 |
_a1 _bMadushi Gamage _c1 _dMadushi Gamage |
||